| 000 | 00341nam a22001457a 4500 | ||
|---|---|---|---|
| 003 | OSt | ||
| 008 | 150215b xxu||||| |||| 00| 0 eng d | ||
| 100 | 1 | _aCastle,Wilfrid T.F. | |
| 041 | _aeng | ||
| 245 | 1 | 0 | _aCyprus |
| 246 | 1 | 0 | _aits postal history and postage stamps |
| 260 |
_aLondon _bRobson Lowe Ltd _c1971 |
||
| 300 | _a0 pages | ||
| 942 | _e2 | ||
| 999 |
_c664 _d664 |
||